书目信息 |
| 题名: |
Visual Basic 5.0/6.0程序设计与上机指导
|
|
| 作者: | 蒋加伏 , 张林峰 主编 | |
| 分册: | ||
| 出版信息: | 北京 北京邮电大学出版社 2006.09 |
|
| 页数: | 179页 | |
| 开本: | 16开 | |
| 丛书名: | ||
| 单 册: | ||
| 中图分类: | ||
| 科图分类: | ||
| 主题词: | 软件 | |
| 电子资源: | ||
| ISBN: | 7-5635-0660-8 | |
| 000 | 00694nam0 2200217 45 | |
| 001 | 1259413707 | |
| 005 | 20130524170821.06 | |
| 010 | @a7-5635-0660-8@dCNY18.00 | |
| 100 | @a19991208d2006 km y0chiy0120 ea | |
| 101 | @achi | |
| 200 | 1 | @aVisual Basic 5.0/6.0程序设计与上机指导@AVisual Basic 5.0/6.0 Cheng Xu She Ji Yu Shang Ji Zhi Dao@f蒋加伏,张林峰主编@Fjiang jia fu,zhang lin feng zhu bian |
| 205 | @a4版 | |
| 210 | @a北京@c北京邮电大学出版社@d2006.09 | |
| 215 | @a179页@d16开 | |
| 606 | 0 | @a软件 |
| 690 | @v3 | |
| 690 | @aTP312@v3 | |
| 701 | 0 | @a蒋加伏@Ajiang jia fu@4主编 |
| 701 | 0 | @a张林峰@Azhang lin feng@4主编 |
| 801 | @aCN@bPFTUser@c19991208 | |
| 905 | @dTP312@eJ561=4@b59648-652@f5 | |
| Visual Basic 5.0/6.0程序设计与上机指导/蒋加伏,张林峰主编.-4版.-北京:北京邮电大学出版社,2006.09 |
| 179页;16开 |
| ISBN 7-5635-0660-8:CNY18.00 |
| ● |
| 相关链接 |
|
|
|
正题名:Visual Basic 5.0/6.0程序设计与上机指导
索取号:TP312/J561=4
 
预约/预借
| 序号 | 登录号 | 条形码 | 馆藏地/架位号 | 状态 | 备注 |
| 1 | 489368 | 204893687 | 自科二线504/504自科库 17排2列3层/ [索取号:TP312/J561=4] | 在馆 | |
| 2 | 489369 | 204893696 | 自科二线504/504自科库 17排2列3层/ [索取号:TP312/J561=4] | 在馆 | |
| 3 | 489370 | 204893703 | 自科二线504/504自科库 17排2列3层/ [索取号:TP312/J561=4] | 在馆 | |
| 4 | 489371 | 204893712 | 自科二线504/504自科库 17排2列3层/ [索取号:TP312/J561=4] | 在馆 | |
| 5 | 489844 | 204898441 | 自科二线504/504自科库 17排2列3层/ [索取号:TP312/J561=4] | 在馆 | |
| 6 | 491014 | 204910141 | 自科二线504/504自科库 2排4列4层/ [索取号:TP312/J561=4] | 在馆 | |
| 7 | 491015 | 204910150 | 自科二线504/504自科库 2排4列4层/ [索取号:TP312/J561=4] | 在馆 | |
| 8 | 491016 | 204910169 | 自科二线504/504自科库 5排2列1层/ [索取号:TP312/J561=4] | 在馆 | |
| 9 | 491017 | 204910178 | 自科二线504/504自科库 3排1列1层/ [索取号:TP312/J561=4] | 在馆 | |
| 10 | 491018 | 204910187 | 自科二线504/504自科库 17排1列3层/ [索取号:TP312/J561=4] | 在馆 | |
| 11 | 491019 | 204910196 | 自科二线504/504自科库 17排1列3层/ [索取号:TP312/J561=4] | 在馆 | |
| 12 | 491020 | 204910203 | 自科库301/301自科库 82排2列5层/ [索取号:TP312/J561=4] | 在馆 | |
| 13 | 491021 | 204910212 | 自科二线400A/400A自科库 7排1列2层/ [索取号:TP312/J561=4] | 在馆 | |
| 14 | 491022 | 204910221 | 自科库301/301自科库 82排2列5层/ [索取号:TP312/J561=4] | 在馆 | |
| 15 | 491023 | 204910230 | 自科二线504/504自科库 18排2列1层/ [索取号:TP312/J561=4] | 在馆 |